Capitals of post-Soviet countries. - Statistics

General Stats
  • This quiz has been taken 69 times
  • The average score is 12 of 15
Answer Stats
Question Answer % Correct
Capital of Ukraine Kiev
97%
Capital of Russia Moscow
97%
Capital of Belarus Minsk
94%
Capital of Latvia Riga
94%
Capital of Estonia Tallinn
87%
Capital of Georgia Tbilisi
87%
Capital of Lithuania Vilnius
84%
Capital of Uzbekistan Tashkent
81%
Capital of Azerbaijan Baku
77%
Capital of Armenia Yerevan
74%
Capital of Turkmenistan Ashgabat
65%
Capital of Kyrgyzstan Bishkek
65%
Capital of Moldova Chisinau
65%
Capital of Tajikistan Dushanbe
65%
Capital of Kazakhstan Nur-Sultan
35%
No matching quizzes found
Score Distribution
Percent of People with Each Score
Percentile by Number Answered
Your Score History
You have not taken this quiz